000 00482nam a2200205Ia 4500
001 13343
003 GE_BSU
008 181216s||||||||xx |||||||||||||| ||und||
040 _cGE_BSU
080 _a821.111-3
100 _aGalswortby,Jobn.
245 _aIn chancery.
245 _bBook two of the forsyte saga.
260 _aLondon.
260 _bPenguin Books.
260 _c1968
300 _a317p;18cm.
653 _aIn chancery.Book two of the forsyte saga.
942 _cBK
999 _c46504
_d46504